000 02510cam a2200433Mi 4500
999 _c111717
_d111717
003 BJBSDDR
005 20230411090045.0
007 ta
008 030808s2003 xxu 000 0 eng d
020 _a1930618190
020 _a9781930618190
020 _a1930618204
020 _a9781930618206
035 _a(OCoLC)ocn231975448
035 _a(OCoLC)231975448
040 _aGEBAY
_bger
_cGEBAY
041 _aspa
049 _aGRAL
050 0 0 _aQP 81
_bR384 2003
082 0 0 _a570
245 0 0 _aRemaking life & death :
_btoward an anthropology of the biosciences /
_ced. by Sarah Franklin ...
246 1 3 _aRemaking life and death
250 _a1st ed.
260 _aSanta Fe:
_bSchool of American Research Press,
_c2003
300 _axii, 372 p. :
_bill. : 24 cm
490 0 _aSchool of American Research advanced seminar series
500 _aIncludes bibliographical references (p. 329-360) and index
505 _aAnimation and cessation: the remaking of life and death / Sarah Franklin and Margaret Lock -- On beginning and ending with apoptosis: cell death and biomedicine / Hannah Landecker -- Life/time warranty: rechargeable cells and extendable lives / Linda F. Hogle -- Ethical biocapital: new strategies of cell culture / Sarah Franklin -- Cell life and death, child life and death: genomic horizons, genetic diseases, family stories / Rayna Rapp -- On making up the good-as-dead in a utilitarian world / Margaret Lock -- Suspended animation: a brine shrimp essay / Corinne P. Hayden -- Life@sea: networking marine biodiversity into biotech futures / Stefan Helmreich -- Embryo tales / Lynn Morgan -- Cloning mutts, saving tigers: ethical emergents in technocultural dog worlds / Donna J. Haraway.
520 _aThe boundaries of life now occupy a place of central concern among biological anthropologists. Because of the centrality of the modern biological definition of life to Euro-American medicine and anthropology, the definition of life itself and its contestation exemplify competing uses of knowledge.
650 4 _91424
_aVida (biología)
_xAspectos sociales.
650 0 _91425
_aAntropología médica.
653 0 _aReproduktionsmedizin
_aAnthropologie
_aAufsatzsammlung
653 0 _aMedizin
_aWissenschaftlich-technischer Fortschritt
_aSozialethik
_aAufsatzsammlung
700 1 _aFranklin, Sarah
700 1 _aLock, Margaret M.
856 4 0 _3Table of contents
_uhttp://www.loc.gov/catdir/toc/fy037/2003002084.html
942 _2lcc
_cBK
946 _ardc